College Quizbowl Stats
College Quizbowl Stats
Circuits
Seasons
Sets
Records
Detailed Stats
About
Loading...
Northeast
Tossups
Bonuses
Players
Teams
Categories (Tossup)
Categories (Bonus)
Kaylee Gallagher
Brown C
Categories
Category
Powers
Gets
Negs
BBs
Points
Earliest Buzz
Avg. Buzz
First Buzzes
Top 3 Buzzes
BPA
PVF
History - European
0
1
0
1
10
114
114.00
0
0
0.00
1.67
History - World
0
1
0
0
10
50
50.00
0
1
6.03
9.17
Science - Biology
0
1
0
0
10
91
91.00
0
0
2.78
5.83
Science - Chemistry
0
0
1
0
-5
0.00
0
0
0.00
0.00
Buzzes
Category
Answer
Value
Buzz Position
History - World
Taiwan
10
50
Science - Chemistry
activation energy
-5
67
Science - Biology
sleeping
10
91
History - European
Boris Yeltsin
10
114
Previous
1
Next